Quiz sur la République du Saugeais - Statistiques

Statistiques générales
  • Ce quiz a été pris 16 fois
  • Le résultat moyen est 11 sur 18
Statistiques - réponses
Question Réponses % Correct
Département français encerclant la république Doubs
100%
Langues officielles Français
87%
Capitale économique Gilley
87%
Capitale politique Montbenoit
87%
Nombre de communes de la république 11
80%
Fromage à pate dur emblématique du Jura Comté
80%
Canton suisse frontalier Neuchâtel
80%
Langues officielles Patois Sauget
80%
Haute cheminée servant à fumer la viande dans les fermes du Hauts-Doubs Tuyé
73%
Mois de la journée des citoyens d'honneur Octobre
67%
Premier président et fondateur de la répubilque Georges Pourchet
53%
Nom donné aux petits pays qui revendiquent leurs indépendances sans aucune reconnaissance Micronation
53%
Président actuel (2022-) Simon Marguet
53%
Point culminant de la république Crêt Monniot
33%
Emploi du dernier à ce moment Hôtelier-restaurateur
27%
Méthode de conservation des aliments par le sel pratiquée dans la république Salaison
27%
Date de fondation de la république 1974
13%
Préfet du Doubs nommant le premier président du Saugeais Louis Ottaviani
0%
Aucun quiz correspondant
Distribution des résultats
% des personnes avec chaque résultat
Percentile par nombre de réponses
Votre historique - résultats
Vous n’avez pas pris ce quiz